[Event "Deutsche Ländermeisterschaft 2025"]
[Site "Oer-Erkenschwick GER"]
[Date "2025.10.03"]
[Round "4"]
[White "Neumann, Helena"]
[Black "Müller, Riyanna"]
[Result "1-0"]
[Termination "normal"]
[Board "1.5"]
[WhiteTitle "WFM"]
[BlackTitle "WFM"]
[WhiteElo "2126"]
[BlackElo "2049"]
[WhiteClock "00:12:40"]
[BlackClock "00:00:44"]
[WhiteTeam "Nordrhein-Westfalen 1"]
[BlackTeam "Rheinland-Pfalz"]
[PlyCount "69"]
[WhiteFideId "16275365"]
[BlackFideId "16287401"]
[EventCountry "GER"]
[EventRounds "7"]
[EventType "team-swiss"]
[EventDate "2025.09.30"]

1. e4 {[%clk 01:30:58]} {[%emt 00:00:01]} c6 {[%clk 01:30:54]} {[%emt
00:00:07]} 2. d4 {[%clk 01:31:22]} {[%emt 00:00:06]} d5 {[%clk 01:31:14]}
{[%emt 00:00:10]} 3. e5 {[%clk 01:31:48]} {[%emt 00:00:04]} c5 {[%clk
01:31:35]} {[%emt 00:00:09]} 4. dxc5 {[%clk 01:32:11]} {[%emt 00:00:04]} e6
{[%emt 00:00:20]} 5. a3 {[%clk 01:32:37]} Bxc5 {[%clk 01:32:01]} {[%emt
00:00:21]} 6. Qg4 {[%clk 01:33:03]} {[%emt 00:00:03]} Ne7 {[%clk 01:32:12]}
{[%emt 00:00:19]} 7. Nf3 {[%clk 01:33:31]} {[%emt 00:00:02]} O-O {[%clk
01:32:18]} {[%emt 00:00:24]} 8. Bd3 {[%clk 01:34:00]} {[%emt 00:00:02]} f5
{[%clk 01:32:21]} {[%emt 00:00:26]} 9. exf6 {[%clk 01:34:26]} {[%emt 00:00:04]}
Rxf6 {[%clk 01:32:41]} {[%emt 00:00:10]} 10. Qh5 {[%clk 01:34:52]} {[%emt
00:00:05]} h6 {[%clk 01:32:10]} {[%emt 00:01:01]} 11. O-O {[%clk 01:35:16]}
{[%emt 00:00:06]} Bd6 {[%clk 01:31:20]} {[%emt 00:01:20]} 12. Bd2 {[%clk
01:35:41]} {[%emt 00:00:05]} Nbc6 {[%clk 01:24:15]} {[%emt 00:07:35]} 13. Bc3
{[%clk 01:34:59]} {[%emt 00:01:13]} e5 {[%clk 01:24:14]} {[%emt 00:00:30]} 14.
Nxe5 {[%clk 01:28:23]} {[%emt 00:07:06]} Nxe5 {[%clk 01:24:26]} {[%emt
00:00:18]} 15. Bxe5 {[%clk 01:28:49]} {[%emt 00:00:04]} g6 {[%clk 01:24:35]}
{[%emt 00:00:21]} 16. Qe2 {[%clk 01:27:13]} {[%emt 00:02:07]} Re6 {[%clk
01:24:25]} {[%emt 00:00:39]} 17. f4 {[%clk 01:27:21]} {[%emt 00:00:22]} Qb6+
{[%clk 01:13:20]} {[%emt 00:11:34]} 18. Kh1 {[%clk 01:27:39]} {[%emt 00:00:12]}
Bxe5 {[%clk 01:13:27]} {[%emt 00:00:23]} 19. fxe5 {[%clk 01:28:04]} {[%emt
00:00:05]} Qxb2 {[%clk 01:13:49]} {[%emt 00:00:08]} 20. Qf2 {[%clk 01:22:12]}
{[%emt 00:06:22]} Bd7 {[%clk 01:13:55]} {[%emt 00:00:24]} 21. Nd2 {[%clk
01:22:31]} {[%emt 00:00:12]} Qxe5 {[%clk 01:11:09]} {[%emt 00:03:15]} 22. Rab1
{[%clk 01:21:25]} {[%emt 00:01:36]} b6 {[%clk 01:07:19]} {[%emt 00:04:19]} 23.
Rb4 {[%clk 01:19:36]} {[%emt 00:02:19]} Kh8 {[%clk 00:57:58]} {[%emt 00:09:51]}
24. Rf4 {[%clk 01:06:26]} {[%emt 00:13:40]} Ng8 {[%clk 00:50:58]} {[%emt
00:07:29]} 25. Qh4 {[%clk 01:02:13]} {[%emt 00:04:43]} Be8 {[%clk 00:32:23]}
{[%emt 00:19:05]} 26. Nf3 {[%clk 00:51:24]} {[%emt 00:11:20]} Qd6 {[%clk
00:24:20]} {[%emt 00:08:32]} 27. Nd4 {[%clk 00:31:04]} {[%emt 00:20:51]} Re5
{[%clk 00:17:33]} {[%emt 00:07:17]} 28. Qf2 {[%clk 00:23:04]} {[%emt 00:08:30]}
Qxa3 {[%clk 00:07:55]} {[%emt 00:10:08]} 29. Rf8 {[%clk 00:19:05]} {[%emt
00:04:28]} Qd6 {[%clk 00:07:41]} {[%emt 00:00:43]} 30. Qg3 {[%clk 00:13:37]}
{[%emt 00:05:58]} Rd8 {[%clk 00:00:39]} {[%emt 00:07:33]} 31. Bxg6 {[%clk
00:11:40]} {[%emt 00:02:27]} Bxg6 {[%clk 00:00:40]} {[%emt 00:00:29]} 32. Rxd8
{[%clk 00:12:06]} {[%emt 00:00:04]} Qxd8 {[%clk 00:00:52]} {[%emt 00:00:18]}
33. Qxe5+ {[%clk 00:12:01]} {[%emt 00:00:35]} Kh7 {[%clk 00:01:16]} {[%emt
00:00:05]} 34. Ne6 {[%clk 00:12:16]} {[%emt 00:00:15]} Ne7 {[%clk 00:00:44]}
{[%emt 00:01:02]} 35. Nxd8 {[%clk 00:12:40]} {[%emt 00:00:06]} 1-0

[Event "Deutsche Ländermeisterschaft 2025"]
[Site "Oer-Erkenschwick GER"]
[Date "2025.10.03"]
[Round "4"]
[White "Gröschel, Karoline"]
[Black "Müller, Konstantin"]
[Result "0-1"]
[Termination "normal"]
[Board "1.6"]
[WhiteElo "1984"]
[BlackElo "2035"]
[WhiteClock "00:08:43"]
[BlackClock "00:07:36"]
[WhiteTeam "Rheinland-Pfalz"]
[BlackTeam "Nordrhein-Westfalen 1"]
[PlyCount "64"]
[WhiteFideId "34610537"]
[BlackFideId "34661778"]
[EventCountry "GER"]
[EventRounds "7"]
[EventType "team-swiss"]
[EventDate "2025.09.30"]

1. e4 {[%clk 01:30:57]} {[%emt 00:00:03]} c5 {[%clk 01:30:54]} {[%emt
00:00:07]} 2. Nf3 {[%clk 01:31:21]} {[%emt 00:00:06]} e6 {[%clk 01:31:18]}
{[%emt 00:00:05]} 3. d4 {[%clk 01:31:45]} {[%emt 00:00:06]} cxd4 {[%clk
01:31:42]} {[%emt 00:00:06]} 4. Nxd4 {[%clk 01:32:10]} {[%emt 00:00:05]} Nc6
{[%clk 01:32:06]} {[%emt 00:00:06]} 5. Nc3 {[%clk 01:32:01]} {[%emt 00:00:40]}
Qc7 {[%clk 01:32:23]} {[%emt 00:00:13]} 6. Be3 {[%clk 01:30:48]} {[%emt
00:01:43]} a6 {[%clk 01:32:47]} {[%emt 00:00:06]} 7. Qd2 {[%clk 01:28:19]}
{[%emt 00:03:00]} Nf6 {[%clk 01:31:21]} {[%emt 00:01:56]} 8. f4 {[%clk
01:28:35]} {[%emt 00:00:14]} d6 {[%clk 01:31:21]} {[%emt 00:00:30]} 9. O-O-O
{[%clk 01:27:00]} {[%emt 00:02:06]} Be7 {[%clk 01:28:03]} {[%emt 00:03:48]} 10.
Be2 {[%clk 01:24:35]} {[%emt 00:02:54]} Nxd4 {[%clk 01:18:37]} {[%emt
00:09:56]} 11. Qxd4 {[%clk 01:20:00]} {[%emt 00:05:04]} e5 {[%clk 01:18:02]}
{[%emt 00:01:06]} 12. Qd3 {[%clk 01:13:05]} {[%emt 00:07:25]} b5 {[%clk
01:13:21]} {[%emt 00:05:11]} 13. a3 {[%clk 01:08:43]} {[%emt 00:04:52]} Be6
{[%clk 00:48:59]} {[%emt 00:24:51]} 14. f5 {[%clk 00:58:21]} {[%emt 00:10:53]}
Bc4 {[%clk 00:49:15]} {[%emt 00:00:13]} 15. Qd2 {[%clk 00:58:47]} {[%emt
00:00:04]} Qb7 {[%clk 00:41:49]} {[%emt 00:07:56]} 16. Bf3 {[%clk 00:53:51]}
{[%emt 00:05:26]} b4 {[%clk 00:41:20]} {[%emt 00:00:59]} 17. axb4 {[%clk
00:25:18]} {[%emt 00:29:03]} Qxb4 {[%clk 00:41:17]} {[%emt 00:00:32]} 18. Nd5
{[%clk 00:25:10]} {[%emt 00:00:39]} Qa4 {[%clk 00:33:46]} {[%emt 00:08:01]} 19.
Nxf6+ {[%clk 00:23:43]} {[%emt 00:01:57]} gxf6 {[%clk 00:33:48]} {[%emt
00:00:27]} 20. Qc3 {[%clk 00:23:03]} {[%emt 00:01:11]} d5 {[%clk 00:16:08]}
{[%emt 00:18:10]} 21. b3 {[%clk 00:22:05]} {[%emt 00:01:27]} Qa3+ {[%clk
00:16:16]} {[%emt 00:00:22]} 22. Qb2 {[%clk 00:22:01]} {[%emt 00:00:35]} d4
{[%clk 00:14:27]} {[%emt 00:02:20]} 23. Qxa3 {[%clk 00:19:20]} {[%emt
00:03:10]} Bxa3+ {[%clk 00:14:50]} {[%emt 00:00:06]} 24. Kb1 {[%clk 00:19:44]}
{[%emt 00:00:06]} Bxb3 {[%clk 00:12:23]} {[%emt 00:02:57]} 25. Bxd4 {[%clk
00:16:07]} {[%emt 00:04:07]} Bc4 {[%clk 00:12:04]} {[%emt 00:00:49]} 26. Bc3
{[%clk 00:15:55]} {[%emt 00:00:42]} Ke7 {[%clk 00:10:09]} {[%emt 00:02:25]} 27.
Ka1 {[%clk 00:15:05]} {[%emt 00:01:20]} Rhc8 {[%clk 00:08:11]} {[%emt
00:02:28]} 28. Bb2 {[%clk 00:13:26]} {[%emt 00:02:09]} Bxb2+ {[%clk 00:07:18]}
{[%emt 00:01:22]} 29. Kxb2 {[%clk 00:13:50]} {[%emt 00:00:06]} Rab8+ {[%clk
00:07:45]} {[%emt 00:00:04]} 30. Kc1 {[%clk 00:13:35]} {[%emt 00:00:45]} Bb3
{[%clk 00:07:50]} {[%emt 00:00:24]} 31. Rd3 {[%clk 00:08:20]} {[%emt 00:05:46]}
Bxc2 {[%clk 00:07:36]} {[%emt 00:00:44]} 32. Ra3 {[%clk 00:08:43]} {[%emt
00:00:06]} Rb1+ {[%emt 00:00:49]} 0-1

[Event "Deutsche Ländermeisterschaft 2025"]
[Site "Oer-Erkenschwick GER"]
[Date "2025.10.03"]
[Round "4"]
[White "Schirmbeck, Lilian"]
[Black "Steinbrenner, Peter"]
[Result "1/2-1/2"]
[Termination "normal"]
[Board "1.7"]
[WhiteTitle "WCM"]
[WhiteElo "1927"]
[BlackElo "2007"]
[WhiteClock "00:14:21"]
[BlackClock "00:25:01"]
[WhiteTeam "Nordrhein-Westfalen 1"]
[BlackTeam "Rheinland-Pfalz"]
[PlyCount "79"]
[WhiteFideId "34620532"]
[BlackFideId "34645535"]
[EventCountry "GER"]
[EventRounds "7"]
[EventType "team-swiss"]
[EventDate "2025.09.30"]

1. d4 {[%clk 01:30:56]} {[%emt 00:00:03]} Nf6 {[%clk 01:30:49]} {[%emt
00:00:11]} 2. c4 {[%clk 01:30:35]} {[%emt 00:00:52]} e6 {[%clk 01:31:05]}
{[%emt 00:00:14]} 3. Nf3 {[%clk 01:30:54]} {[%emt 00:00:11]} d5 {[%clk
01:31:29]} {[%emt 00:00:05]} 4. g3 {[%clk 01:31:16]} {[%emt 00:00:09]} Bb4+
{[%clk 01:31:50]} {[%emt 00:00:08]} 5. Bd2 {[%clk 01:31:29]} {[%emt 00:00:17]}
a5 {[%clk 01:32:15]} {[%emt 00:00:06]} 6. Qc2 {[%clk 01:29:47]} {[%emt
00:02:12]} Nbd7 {[%clk 01:30:34]} {[%emt 00:02:11]} 7. Bg2 {[%clk 01:28:50]}
{[%emt 00:01:26]} O-O {[%clk 01:29:53]} {[%emt 00:01:11]} 8. O-O {[%clk
01:27:58]} {[%emt 00:01:21]} c6 {[%clk 01:26:00]} {[%emt 00:04:24]} 9. Bf4
{[%clk 01:25:18]} {[%emt 00:03:10]} Be7 {[%clk 01:25:18]} {[%emt 00:01:12]} 10.
c5 {[%clk 01:13:16]} {[%emt 00:12:32]} Re8 {[%clk 01:19:31]} {[%emt 00:06:17]}
11. Nbd2 {[%clk 01:09:05]} {[%emt 00:04:41]} Nh5 {[%clk 01:16:55]} {[%emt
00:03:06]} 12. Ne5 {[%clk 01:03:00]} {[%emt 00:06:35]} Nxf4 {[%clk 01:14:56]}
{[%emt 00:02:29]} 13. gxf4 {[%clk 01:03:27]} {[%emt 00:00:03]} Qc7 {[%clk
01:12:21]} {[%emt 00:03:05]} 14. Nxd7 {[%clk 00:55:13]} {[%emt 00:08:44]} Bxd7
{[%clk 01:11:51]} {[%emt 00:01:00]} 15. e3 {[%clk 00:55:41]} {[%emt 00:00:02]}
f6 {[%clk 01:10:02]} {[%emt 00:02:19]} 16. Nf3 {[%clk 00:54:00]} {[%emt
00:02:11]} b6 {[%clk 01:06:52]} {[%emt 00:03:40]} 17. cxb6 {[%clk 00:50:53]}
{[%emt 00:03:37]} Qxb6 {[%clk 01:07:16]} {[%emt 00:00:06]} 18. Rfc1 {[%clk
00:48:50]} {[%emt 00:02:33]} Bd6 {[%clk 01:05:56]} {[%emt 00:01:51]} 19. Bh3
{[%clk 00:47:51]} {[%emt 00:01:29]} Rab8 {[%clk 01:06:03]} {[%emt 00:00:23]}
20. Rab1 {[%clk 00:47:33]} {[%emt 00:00:48]} Qd8 {[%clk 01:00:38]} {[%emt
00:05:54]} 21. Ne1 {[%clk 00:44:11]} {[%emt 00:03:52]} Rc8 {[%clk 00:59:10]}
{[%emt 00:01:58]} 22. Nd3 {[%clk 00:37:11]} {[%emt 00:07:30]} e5 {[%clk
00:57:57]} {[%emt 00:01:44]} 23. Bxd7 {[%clk 00:36:55]} {[%emt 00:00:45]} Qxd7
{[%clk 00:58:21]} {[%emt 00:00:05]} 24. fxe5 {[%clk 00:36:50]} {[%emt
00:00:36]} fxe5 {[%clk 00:58:20]} {[%emt 00:00:31]} 25. dxe5 {[%clk 00:36:53]}
{[%emt 00:00:27]} Bxe5 {[%clk 00:58:07]} {[%emt 00:00:43]} 26. Nxe5 {[%clk
00:36:25]} {[%emt 00:00:59]} Rxe5 {[%clk 00:58:27]} {[%emt 00:00:09]} 27. Kh1
{[%clk 00:32:05]} {[%emt 00:04:47]} Qg4 {[%clk 00:45:14]} {[%emt 00:13:45]} 28.
Rg1 {[%clk 00:30:39]} {[%emt 00:01:56]} Qf3+ {[%clk 00:45:21]} {[%emt
00:00:23]} 29. Rg2 {[%emt 00:11:37]} Rg5 {[%clk 00:33:01]} {[%emt 00:01:15]}
30. Rbg1 {[%clk 00:31:07]} {[%emt 00:00:30]} Rxg2 {[%clk 00:27:30]} {[%emt
00:06:00]} 31. Rxg2 {[%clk 00:31:36]} {[%emt 00:00:02]} c5 {[%clk 00:27:47]}
{[%emt 00:00:14]} 32. Qc3 {[%clk 00:28:15]} {[%emt 00:03:50]} d4 {[%clk
00:23:24]} {[%emt 00:04:52]} 33. exd4 {[%clk 00:25:04]} {[%emt 00:03:41]} Qd1+
{[%clk 00:23:48]} {[%emt 00:00:07]} 34. Rg1 {[%clk 00:25:33]} {[%emt 00:00:02]}
Qxd4 {[%clk 00:24:08]} {[%emt 00:00:09]} 35. Qxd4 {[%clk 00:23:16]} {[%emt
00:02:47]} cxd4 {[%clk 00:24:30]} {[%emt 00:00:07]} 36. Rd1 {[%clk 00:22:55]}
{[%emt 00:00:51]} Rd8 {[%clk 00:24:52]} {[%emt 00:00:08]} 37. Kg2 {[%clk
00:22:46]} {[%emt 00:00:39]} Kf7 {[%clk 00:24:14]} {[%emt 00:01:08]} 38. Kf3
{[%clk 00:22:32]} {[%emt 00:00:44]} Kf6 {[%clk 00:24:37]} {[%emt 00:00:06]} 39.
Ke4 {[%clk 00:20:18]} {[%emt 00:02:44]} Re8+ {[%clk 00:25:01]} {[%emt
00:00:07]} 40. Kf3 {[%clk 00:14:21]} 1/2-1/2

[Event "Deutsche Ländermeisterschaft 2025"]
[Site "Oer-Erkenschwick GER"]
[Date "2025.10.03"]
[Round "4"]
[White "Frydel, Helena"]
[Black "Shynkar, Daria"]
[Result "0-1"]
[Termination "normal"]
[Board "1.8"]
[WhiteElo "1549"]
[BlackElo "1922"]
[WhiteClock "00:09:55"]
[BlackClock "00:55:25"]
[WhiteTeam "Rheinland-Pfalz"]
[BlackTeam "Nordrhein-Westfalen 1"]
[PlyCount "84"]
[WhiteFideId "16266536"]
[BlackFideId "34163212"]
[EventCountry "GER"]
[EventRounds "7"]
[EventType "team-swiss"]
[EventDate "2025.09.30"]

1. e4 {[%clk 01:30:53]} {[%emt 00:00:07]} c5 {[%clk 01:30:56]} {[%emt
00:00:04]} 2. Nc3 {[%clk 01:31:18]} {[%emt 00:00:06]} a6 {[%clk 01:31:22]}
{[%emt 00:00:03]} 3. g3 {[%clk 01:31:38]} {[%emt 00:00:10]} e6 {[%clk
01:30:57]} {[%emt 00:00:55]} 4. Bg2 {[%clk 01:31:51]} {[%emt 00:00:17]} Ne7
{[%clk 01:31:17]} {[%emt 00:00:09]} 5. d3 {[%clk 01:32:12]} {[%emt 00:00:10]}
g6 {[%clk 01:31:11]} {[%emt 00:00:37]} 6. Be3 {[%clk 01:32:22]} {[%emt
00:00:19]} d6 {[%clk 01:30:27]} {[%emt 00:01:14]} 7. Qd2 {[%clk 01:31:43]}
{[%emt 00:01:09]} Bg7 {[%clk 01:29:23]} {[%emt 00:01:34]} 8. Bh6 {[%clk
01:28:55]} {[%emt 00:03:18]} O-O {[%clk 01:26:47]} {[%emt 00:03:06]} 9. Bxg7
{[%clk 01:28:33]} {[%emt 00:00:52]} Kxg7 {[%clk 01:27:15]} {[%emt 00:00:02]}
10. h4 {[%clk 01:27:35]} {[%emt 00:01:28]} h6 {[%clk 01:21:10]} {[%emt
00:06:35]} 11. f4 {[%clk 01:23:09]} {[%emt 00:04:56]} f6 {[%clk 01:19:43]}
{[%emt 00:01:56]} 12. O-O-O {[%clk 01:08:57]} {[%emt 00:14:42]} Nbc6 {[%clk
01:18:13]} {[%emt 00:02:00]} 13. h5 {[%clk 01:00:34]} {[%emt 00:08:54]} g5
{[%clk 01:16:46]} {[%emt 00:01:57]} 14. g4 {[%clk 00:56:44]} {[%emt 00:04:19]}
e5 {[%clk 01:15:34]} {[%emt 00:01:42]} 15. f5 {[%clk 00:51:16]} {[%emt
00:05:58]} Qa5 {[%clk 01:13:42]} {[%emt 00:02:21]} 16. a3 {[%clk 00:45:32]}
{[%emt 00:06:14]} b5 {[%clk 01:12:41]} {[%emt 00:01:32]} 17. Nge2 {[%clk
00:32:28]} {[%emt 00:13:34]} Rb8 {[%clk 01:09:48]} {[%emt 00:03:23]} 18. Nb1
{[%clk 00:29:44]} {[%emt 00:03:14]} b4 {[%clk 01:09:02]} {[%emt 00:01:16]} 19.
b3 {[%clk 00:27:29]} {[%emt 00:02:44]} Nd4 {[%clk 00:58:55]} {[%emt 00:10:38]}
20. a4 {[%clk 00:25:30]} {[%emt 00:02:29]} Bb7 {[%clk 00:59:00]} {[%emt
00:00:25]} 21. Ng3 {[%clk 00:21:37]} {[%emt 00:04:24]} d5 {[%clk 00:57:53]}
{[%emt 00:01:37]} 22. Nf1 {[%clk 00:18:40]} {[%emt 00:03:28]} dxe4 {[%clk
00:57:35]} {[%emt 00:00:47]} 23. dxe4 {[%clk 00:18:30]} {[%emt 00:00:40]} c4
{[%clk 00:57:18]} {[%emt 00:00:47]} 24. Ne3 {[%clk 00:15:03]} {[%emt 00:03:58]}
cxb3 {[%clk 00:56:28]} {[%emt 00:01:19]} 25. Qf2 {[%clk 00:11:43]} {[%emt
00:03:50]} bxc2 {[%clk 00:56:12]} {[%emt 00:00:46]} 26. Nxc2 {[%clk 00:11:48]}
{[%emt 00:00:25]} Rfc8 {[%clk 00:54:54]} {[%emt 00:01:48]} 27. Rd2 {[%clk
00:10:28]} {[%emt 00:01:51]} Nb3+ {[%clk 00:54:52]} {[%emt 00:00:31]} 28. Kd1
{[%clk 00:10:08]} {[%emt 00:00:50]} Nxd2 {[%clk 00:55:15]} {[%emt 00:00:07]}
29. Nxd2 {[%clk 00:10:23]} {[%emt 00:00:15]} Qxa4 {[%clk 00:55:34]} {[%emt
00:00:11]} 30. Ke2 {[%clk 00:09:08]} {[%emt 00:01:45]} Rxc2 {[%clk 00:55:30]}
{[%emt 00:00:33]} 31. Rd1 {[%clk 00:09:04]} {[%emt 00:00:34]} Rd8 {[%clk
00:55:08]} {[%emt 00:00:51]} 32. Kf1 {[%clk 00:08:55]} {[%emt 00:00:41]} Qa2
{[%clk 00:54:12]} {[%emt 00:01:26]} 33. Ke1 {[%clk 00:09:00]} {[%emt 00:00:25]}
b3 {[%clk 00:53:53]} {[%emt 00:00:48]} 34. Qe3 {[%clk 00:08:21]} {[%emt
00:01:11]} b2 {[%clk 00:52:46]} {[%emt 00:01:35]} 35. Bf3 {[%clk 00:08:20]}
{[%emt 00:00:32]} Rcxd2 {[%clk 00:52:52]} {[%emt 00:00:24]} 36. Qxd2 {[%clk
00:08:19]} {[%emt 00:00:32]} Rxd2 {[%clk 00:53:14]} {[%emt 00:00:08]} 37. Rxd2
{[%clk 00:08:32]} {[%emt 00:00:17]} b1=Q+ {[%clk 00:53:36]} {[%emt 00:00:07]}
38. Rd1 {[%clk 00:08:57]} {[%emt 00:00:06]} Qb4+ {[%clk 00:53:48]} {[%emt
00:00:17]} 39. Kf1 {[%clk 00:09:10]} {[%emt 00:00:18]} Qbc4+ {[%clk 00:54:12]}
{[%emt 00:00:05]} 40. Ke1 {[%clk 00:09:18]} {[%emt 00:00:22]} Qc3+ {[%clk
00:54:35]} {[%emt 00:00:07]} 41. Kf1 {[%clk 00:09:38]} {[%emt 00:00:10]} Qxf3+
{[%clk 00:55:00]} {[%emt 00:00:05]} 42. Ke1 {[%clk 00:09:55]} {[%emt 00:00:13]}
Qh1# {[%clk 00:55:25]} {[%emt 00:00:05]} 0-1